[Event "GER-chT U16 Girls"]
[Site "Neumuenster"]
[Date "2022.12.29"]
[Round "6"]
[White "Lensing, Sienna"]
[Black "Werner, Rosalie"]
[Result "0-1"]
[WhiteElo "1365"]
[BlackElo "1769"]
[PlyCount "78"]
[EventDate "2022.12.26"]
[EventType "team-swiss"]
[EventRounds "7"]
[EventCountry "GER"]
[SourceTitle "CBM 212 Extra"]
[Source "ChessBase"]
[SourceDate "2023.03.31"]
[SourceVersion "1"]
[SourceVersionDate "2023.03.31"]
[SourceQuality "1"]
[WhiteTeam "Raesfeld Erle"]
[BlackTeam "Offenbach"]
[WhiteTeamCountry "GER"]
[BlackTeamCountry "GER"]

1. Nf3 Nf6 2. g3 g6 3. Bg2 Bg7 4. 0-0 d6 5. d4 0-0 6. b3 b5 7. Bb2 Bb7 8. Nbd2 Nbd7 9. Re1 c5 10. Rc1 Rc8 11. c4 a6 12. d5 bxc4 13. bxc4 a5 14. Ba1 Nb6 15. e4 Ba6 16. Qc2 Rb8 17. Re2 Re8 18. Rce1 Nh5 19. Bxg7 Nxg7 20. Ng5 h6 21. Ngf3 Qd7 22. h3 Qa4 23. Qxa4 Nxa4 24. Re3 Rb4 25. Rc1 Reb8 26. Kh2 Ne8 27. Bf1 Nc7 28. h4 Na8 29. Kg2 N8b6 30. Kh2 Rb2 31. a3 Nd7 32. Kg2 Ra2 33. Rd3 Rbb2 34. Kg1 Ndb6 35. h5 g5 36. g4 Kf8 37. e5 Bc8 38. Bh3 Rc2 39. Rb1 Ba6 0-1

[Event "GER-chT U14 Girls"]
[Site "Neumuenster"]
[Date "2019.12.30"]
[Round "7.8"]
[White "Lensing, Sienna"]
[Black "Margaryan, Susanna"]
[Result "1-0"]
[WhiteElo "1085"]
[BlackElo "1395"]
[PlyCount "79"]
[EventDate "2019.12.27"]
[EventType "team-swiss"]
[EventRounds "7"]
[EventCountry "GER"]
[SourceTitle "CBM 194 Extra"]
[Source "ChessBase"]
[SourceDate "2020.03.31"]
[SourceVersion "1"]
[SourceVersionDate "2020.03.31"]
[SourceQuality "1"]
[WhiteTeam "Raesfeld"]
[BlackTeam "Elmshorn"]
[WhiteTeamCountry "GER"]
[BlackTeamCountry "GER"]

1. e4 d5 2. exd5 Qxd5 3. Nc3 Qa5 4. Bc4 Bf5 5. d3 e6 6. Bd2 c6 7. Qe2 Nf6 8. h3 Be7 9. g4 Bg6 10. h4 h5 11. Nd5 Qd8 12. Nf4 Nd5 13. Nxg6 fxg6 14. Qxe6 hxg4 15. Qxg6+ Kf8 16. Qxg4 Rxh4 17. Rxh4 Bxh4 18. Qf5+ Qf6 19. Qc8+ Kf7 20. 0-0-0 Qe7 21. Qg4 Bf6 22. Re1 Qd7 23. Qh5+ g6 24. Qh7+ Bg7 25. Bc3 Kf8 26. Bxg7+ Qxg7 27. Qh4 g5 28. Qe4 Qd7 29. Nf3 b5 30. Bb3 g4 31. Ng5 Na6 32. Bxd5 cxd5 33. Qf4+ Kg8 34. Qf6 Re8 35. Rh1 Qg7 36. Qf5 Nb4 37. Rh7 Qxg5+ 38. Qxg5+ Kxh7 39. Qh5+ Kg7 40. Qxe8 1-0